| 000 | 00527nab a2200145Ia 4500 | ||
|---|---|---|---|
| 003 | ES-SlBCS | ||
| 005 | 20210601145535.0 | ||
| 008 | 140529s1985 xxu||||| |||| 00| 0 spa d | ||
| 041 | _aspa | ||
| 100 | 1 |
_aFernández Enguita, Mariano _977404 |
|
| 245 | 0 | 0 |
_aEl problema del trabajo productivo _c Mariano Fernández Enguita |
| 650 | 0 | 4 |
_aTrabajo Productivo _9139475 |
| 773 | 0 |
_tRevista Española de Investigaciones Sociologicas. Antes: Revista Española de la Opinión Pública _gvol. 30, 1985, págs. 93-148 _wRev344 |
|
| 942 | _cAR | ||
| 999 |
_c726013 _d726013 |
||